DORLAND'S POCKET MEDICAL DICTIONARY (Record no. 29182)

MARC details
000 -LEADER
fixed length control field 00292nam a22001337a 4500
003 - CONTROL NUMBER IDENTIFIER
control field SGT
082 ## - DEWEY DECIMAL CLASSIFICATION NUMBER
Classification number 603
Item number D59D
100 ## - MAIN ENTRY--PERSONAL NAME
Personal name DORLAND
245 ## - TITLE STATEMENT
Title DORLAND'S POCKET MEDICAL DICTIONARY
250 ## - EDITION STATEMENT
Edition statement 10TH
260 ## - PUBLICATION, DISTRIBUTION, ETC. (IMPRINT)
Place of publication, distribution, etc CALCUTTA
Name of publisher, distributor, etc OXFORD PUB
Year of Publication 1959
650 ## - SUBJECT ADDED ENTRY--TOPICAL TERM
Topical term or geographic name as entry element DICTIONARY
942 ## - ADDED ENTRY ELEMENTS (KOHA)
Source of classification or shelving scheme Dewey Decimal Classification
Koha item type Rare Books
Holdings
Withdrawn status Lost status Source of classification or shelving scheme Damaged status Not for loan Collection code Home library Current library Shelving location Date acquired Total Checkouts Full call number Accession No. (Barcode) Date last seen Bill Date Koha item type
    Dewey Decimal Classification   Not For Loan NURSING SGT Medical Library SGT Medical Library Directory 20/01/2025   603 D59D FN5992 20/01/2025 20/01/2025 Rare Books